000 00536cam a22002171 4500
001 sa 65010411
003 DLC
005 20260227112208.0
008 890621s1965 ii 000 0 gujo
010 _asa 65010411
035 _a(OCoLC)19906704
040 _aDLC
_cWaU
_dDLC
042 _apremarc
050 0 0 _aPK2905
_b.B5
100 1 _aBhayani, Harivallabh Chunilal,
_d1917-
245 1 0 _aŚodha ane svādhyāya.
260 _c[1965]
300 _a10, 445 p.
_c19 cm.
500 _aIn Gujarati.
650 0 _aIndic literature.
999 _c66722
_d66722